00637nam a2200169 a 450000100100000000500170001000800410002704000250006808200150009324500410010825000210014926000350017030000170020595201140022295201140033699900170045000003399020200930070701.0110919s1737 fr 000 0 spa d aDO-SdBNPbspacBNPHU axxxbH673r00aHistoire des revolutions d' Espagne. aNouvelle Edition aParís :bRollin Fils,c1737. av. ;c18 cm. 0010507-18MOaPDbPDcOId2011-09-19iLF1l0oxxx H673rp33990-10r2020-06-25w2020-06-25y1ZNo se presta 0010507-18MOaGRbGRcOId2011-09-19iLF1l0oxxx H673rp33991-10r2020-06-25w2020-06-25y1ZNo se presta c33481d33481